000 01248nam a2200337Ia 4500
001 49969513
003 OCoLC
005 20170412130843.0
008 020611s1998 coua j 000 1 spa d
020 _a0769900860 (pbk.)
040 _aHAY
_cHAY
041 1 _aspa
_heng
092 _aJ
_bSPANISH JE TRUSSELL-CULLEN
100 1 _aTrussell-Cullen, Alan.
245 1 3 _aEl diente que silba /
_cescrito por Alan Trussell-Cullen ; [written in Spanish by Lourdes Huici] ; ilustrado por Linette Porter.
246 1 _iSpanish translation of :
_aWhistle tooth.
260 _aDenver, CO :
_bShortland Publications,
_cc1998.
300 _a16 p. :
_bcol. ill. ;
_c19 cm.
440 0 _aSra. Sabiduría.
_pGrillos de la noche.
_nSerie B.
500 _aCover title.
500 _aTranslation of: The whistle tooth.
520 _aWhen Erica's new tooth grows in, she can whistle like the rest of her family ; Controlled vocabulary.
526 _aSra. Sabiduría
_cEmergent, Level 1
650 0 _aTeeth
_vJuvenile fiction.
650 0 _aWhistling
_vJuvenile fiction.
650 7 _aDientes
_vFicci©đn juvenil.
_2bidex.
650 0 _aReaders (Primary)
650 4 _aSilbar
_vFicci©đn juvenil.
_2opl.
700 1 _aPorter, Linette.
_4ill.
942 _cBK
999 _c17256
_d17256